Rethinking our centralized monetary system (Record no. 20178)
[ view plain ]
| 000 -LEADER | |
|---|---|
| fixed length control field | 01293nam a2200313 a 4500 |
| 082 04 - DEWEY DECIMAL CLASSIFICATION NUMBER | |
| Classification number | 332.4/973 |
| 100 1# - MAIN ENTRY--AUTHOR NAME | |
| Personal name | Solomon, Lewis D. |
| 245 10 - TITLE STATEMENT | |
| Title | Rethinking our centralized monetary system |
| 260 ## - PUBLICATION, DISTRIBUTION, ETC. (IMPRINT) | |
| Place of publication | Westport, Conn. : |
| Name of publisher | Praeger, |
| Year of publication | 1996. |
| 300 ## - PHYSICAL DESCRIPTION | |
| Number of Pages | x, 167 p. |
| 650 #0 - SUBJECT ADDED ENTRY--TOPICAL TERM | |
| Topical Term | Money |
| Topical Term | Currency question |
| Topical Term | Banks and banking |
| 856 40 - ELECTRONIC LOCATION AND ACCESS | |
| Uniform Resource Identifier | http://site.ebrary.com/lib/rucke/Doc?id=10002040 |
No items available.
